000 00840cam a22002055a 4500
001 L140706
008 071008s1806 xxk eng u
035 _a(Sirsi) u140706
041 0 _aeng
100 1 _aSharpe, J.
245 0 2 _aA catalogue of the household furniture and effects of T. Fulcher, Gent. deceased, at his late dwelling-house in Shotesham, Norfolk which will be sold by auction by J. Sharpe on Monday October 27, 1806 and two following days
260 _aS.l.
_bs.n.
_c[1806]
_e(Norwich
_fStevenson and Matchett)
300 _a15 p.
_c19 cm.
340 _aPrinted
351 _cSingle item
500 _aAuction includes the sale of the dwelling house and associated land and outbuildings.
651 4 _aNorfolk
690 _aPROPERTY-PROPERTY ACQUISITION AND DISPOSAL-ACQUISITION AND DISPOSAL AT AUCTION
942 _n0
999 _c116441
_d116441